000 00366 a2200169 4500
001 190024
020 _a978-85-04-01818-9
040 _cMagnum
100 _aYunes, Francesco
240 1 0 _aO quartário
_lpor
245 1 0 _aO quartário
300 _a23
362 0 _a2012
440 1 _aCompanhia Editora Nacional
697 _aLITERATURA INFANTO
942 _cBK
999 _c190024
_d190024